000 00775nas a2200265 4500
001 BR2016001691
003 BR-BrBNA
005 20231205130302.0
007 ta
008 230509b bl.|||p| |||| 00| 00por d
040 _aBR-BrBNA
_bpor
_cBiblioteca Nacional de Agricultura
041 _a(Pt)
072 _aM12
100 1 _aSilva, C.A. da
100 1 _aFujimoto, R.Y.
245 1 _aCrescimento de tambaqui em resposta a densidade de estocagem em tanques-rede
650 _aTAMBAQUI
650 _aPEIXE DE ÁGUA DOCE
650 _aFÓSFORO
650 _aTANQUE
650 _aESTOCAGEM
773 0 _tActa Amazônica (Brazil)
_xISSN 0044-5967
_g(Sep 2015), v. 45(3) p. 323-332
_wBR2016001691
909 _a202311
_bLúcia
_c55
_dLúcia Elande
942 _2AGRIS
_n0
_cANA
999 _c248648
_d248648